000 01231cam a2200217 4500
001 WB@3612-379
008 040819n2004 000 0 eng u
035 _a(Sirsi) u127101
245 _aSurvey of English housing
260 _c2004
490 _aODPM Statistical Release
_v(0195) 12 August 2004 (1)
520 _aSub-regional results derived from the "Survey of English housing" have been published as "Housing statistics summary no. 22". The bulletin includes tables relating to housing tenure, type of accommodation, household type, economic activity and income. The results are only for specific areas of England, as defined in level 2 of the European Union nomenclature of territorial statistics area classification. In general these areas are counties, or groupings of counties and unitary authorities. In London the areas are Inner and Outer London defined in terms of London Boroughs. For further details see the website: http://www.odpm.gov.uk. http://www.odpm.gov.uk/pns/DisplayPN.cgi?pn_id=200 4_0195
590 _aWB
590 _aWB
650 _aSURVEY OF ENGLISH HOUSING
650 _aHOUSING STATISTICS
650 _aHOUSING
650 _aENGLISH HOUSING SURVEY
690 _aHOUSING
942 _n0
999 _c117862
_d117862